Liao zhai yi shuo : [1 juan] /

Disimpan dalam:
Butiran Bibliografi
Pengarang Utama: Chen, Guan, 1062-1126.
Pengarang-pengarang Lain: Zhang, Gen, 1061-1120.
Format: Buku
Bahasa:Chinese
Diterbitkan: [Taibei] : Cheng wen chu ban she, [Min guo 65 i.e. 1976]
Edisi:Tai 1 ban.
Siri:Wu qiu bei zhai Yi jing ji cheng ; 19.
Subjek-subjek:
Penanda-penanda: Tambah Penanda
Tiada Penanda, Jadilah orang pertama menanda rekod ini!
LEADER 01620cam a2200409 i 4500
001 007743432-3
005 20024617105005.0
008 900120s1976 ch 000 0 chi
010 |a 78835843 
035 0 |a ocm23330901 
040 |a DLC  |c MiU  |d OCoLC  |d *YNH*  |d CStRLIN 
050 4 |a PL2464.Z6  |b W73 v.19 
050 0 0 |a PL2464.Z6  |b W86 vol. 19 
100 1 |6 880-01  |a Chen, Guan,  |d 1062-1126. 
245 1 0 |6 880-02  |a Liao zhai yi shuo :  |b [1 juan] /  |c Chen Guan zhuan. 
250 |6 880-03  |a Tai 1 ban. 
260 |6 880-04  |a [Taibei] :  |b Cheng wen chu ban she,  |c [Min guo 65 i.e. 1976] 
300 |a 182, 386 p. ;  |c 22 cm. 
490 1 |6 880-05  |a Wu qiu bei zhai Yi jing ji cheng ;  |v 19 
500 |a A collection of two reprints. 
500 |6 880-06  |a "Wu Yuan Zhou yi jie : 9 juan, fu lu / Zhang Gen zhuan": p. 1-396 (last group) 
630 0 0 |6 880-07  |a Yi jing. 
700 1 2 |6 880-08  |a Zhang, Gen,  |d 1061-1120.  |t Wu yuan Zhou yi jie.  |f 1976. 
740 0 2 |6 880-09  |a Wu yuan Zhou yi jie. 
880 1 |6 100-01  |a 陳瓘,  |d 1062-1126. 
880 1 0 |6 245-02  |a 了齋易說 :  |b [1卷] /  |c 陳瓘撰. 
880 |6 250-03  |a 臺1版. 
880 |6 260-04  |a [台北] :  |b 成文出版社,  |c [民國65 i.e. 1976] 
880 1 |6 490-05  |a 無求備齋易經集成 ;  |v 19 
880 |6 500-06  |a "吳園周易解 : 9卷, 附錄 / 張根撰": p. 1-396 (last group) 
880 0 0 |6 630-07  |a 易經. 
880 1 2 |6 700-08  |a 張根,  |d 1061-1120.  |t 吳園周易解.  |f 1976. 
880 0 2 |6 740-09  |a 吳園周易解. 
830 0 |6 880-55  |a Wu qiu bei zhai Yi jing ji cheng ;  |v 19. 
880 0 |6 830-55  |a 無求備齋易經集成 ;  |v 19. 
988 |a 20021102 
906 |0 DLC